000 00400nam a2200181Ia 4500
001 1536
005 20260306143735.0
008 260306t2014||||xx |||||||||||||| ||spa||
041 _aESP
082 _a150.9
_bB94
100 _aBurgos, Juan Manuel
_eAUT
245 0 _aHistoria de la psicologĂ­a
260 _c2014
300 _a
_c
650 _aGEN
654 _aCPS
942 _cLIB
_dJUS
_fJUS
_2ddc
_n
999 _c1536
_d1536